| 000 | 00932pam a22003014a 4500 | ||
|---|---|---|---|
| 999 |
_c1820 _d1820 |
||
| 001 | 46683596 | ||
| 003 | OCoLC | ||
| 005 | 20180921103007.0 | ||
| 008 | 010402s2001 miua b 001 0 eng | ||
| 010 | _a2001026163 | ||
| 020 | _a0310237602 | ||
| 035 | _a.b54423077 | ||
| 040 |
_aDLC _cDLC _dYDX _dWaOLN |
||
| 042 | _apcc | ||
| 049 | _aOSU& | ||
| 050 | 0 | 0 |
_aPJ4567.3 _b.P73 2001 |
| 050 | 0 | 0 |
_aPJ4567.3 _b.P73 2001 |
| 082 | 0 | 0 |
_aREF 492.4 _221 _bP912B |
| 100 | 1 | _aPratico, Gary Davis | |
| 245 | 1 | 0 |
_aBasics of Biblical Hebrew grammar / _cGary D. Pratico, Miles V. Van Pelt |
| 260 |
_aGrand Rapids, Mich. : _bZondervan, _cc2001 |
||
| 300 |
_axiii, 476 p. : _bill. ; _c25 cm. + _e1 computer optical disc (4 3/4 in.) |
||
| 504 | _aIncludes bibliographical references and index | ||
| 630 | 0 | 0 |
_aBible. _pOld Testament _xLanguage, style |
| 650 | 0 |
_aHebrew language _xGrammar |
|
| 700 | 1 |
_aVan Pelt, Miles, _d1969- |
|
| 942 |
_2ddc _cREF |
||